What's Left? II Quiz Stats

 Plays Quiz Updated Apr 6, 2016

Challenge
Share
Tweet
Embed
Score 0/30 Timer 04:00
4 Plays Today
Full version - Acronym Acronym % Correct
ew ork ityNYC
94.9%
ajor eague occerMLS
94.7%
irginia ommonwealth niversityVCU
94.3%
orld ealth rganizationWHO
94.1%
ritish roadcasting orporationBBC
94%
nidentified lying bjectUFO
93.9%
obile rmy urgical ospitalMASH
92.6%
uman mmunodeficiency irusHIV
92.2%
or our nformationFYI
92%
orld ide ebWWW
92%
oyal ir orceRAF
92%
nited rab miratesUAE
90.9%
n y pinionIMO
90.5%
olksagenVW
90.4%
onsumer alue toresCVS
85%
Full version - Acronym Acronym % Correct
ingle hite emaleSWF
84.4%
alk o ou aterTTYL
81%
yndon aines ohnsonLBJ
80.8%
ead nly emoryROM
76.9%
oint hotographic xperts roupJPEG
76%
ender oving areTLC
72.5%
niversal erial usUSB
66.3%
nterontinental allistic issileICBM
60.7%
dio etecting nd angingRADAR
58.4%
iles er ourMPH
57.4%
ono odium lutamateMSG
48.8%
ld igh ermanOHG
45.3%
uns atted nRBI
44.1%
gnetha enny jörn nni-FridABBA
35%
on-layer haracterNPC
21.9%

You're not logged in!

Compare scores with friends on all Sporcle quizzes.
Join for Free
OR
Log In

You Might Also Like...

Show Comments

Extras

Top Quizzes Today


Score Distribution

Your Account Isn't Verified!

In order to create a playlist on Sporcle, you need to verify the email address you used during registration. Go to your Sporcle Settings to finish the process.

Report this User

Report this user for behavior that violates our Community Guidelines.

Details: